Meeting of November 25, 2023 (notice n° 1721883)
[ vue normale ]
| 000 -LEADER | |
|---|---|
| fixed length control field | 00834cam a2200157 4500500 |
| 005 - DATE AND TIME OF LATEST TRANSACTION | |
| control field | 20260322002252.0 |
| 041 ## - LANGUAGE CODE | |
| Language code of text/sound track or separate title | fre |
| 042 ## - AUTHENTICATION CODE | |
| Authentication code | dc |
| 100 10 - MAIN ENTRY--PERSONAL NAME | |
| Personal name | Martinez, Jean-Luc |
| Relator term | author |
| 245 00 - TITLE STATEMENT | |
| Title | Meeting of November 25, 2023 |
| 260 ## - PUBLICATION, DISTRIBUTION, ETC. | |
| Date of publication, distribution, etc. | 2025.<br/> |
| 500 ## - GENERAL NOTE | |
| General note | 23 |
| 520 ## - SUMMARY, ETC. | |
| Summary, etc. | Recent advances in archaeometric research have made it possible to confirm the Egyptian origin of colourless glass decolorized with antimony, the quality glass that reigned supreme on Roman tables from the Flavian period until the early 4th century. The repertoire and dating of this tableware has been determined by studying assemblages from Gaul and Rome. |
| 786 0# - DATA SOURCE ENTRY | |
| Note | Revue archéologique | 79 | 1 | 2025-05-27 | p. 189-195 | 0035-0737 |
| 856 41 - ELECTRONIC LOCATION AND ACCESS | |
| Uniform Resource Identifier | <a href="https://shs.cairn.info/journal-revue-archeologique-2025-1-page-189?lang=en&redirect-ssocas=7080">https://shs.cairn.info/journal-revue-archeologique-2025-1-page-189?lang=en&redirect-ssocas=7080</a> |
Pas d'exemplaire disponible.




Réseaux sociaux